プロ野球スピリッツA(プロスピA) 制球Aの選手名(2024) - Statistics

General Stats
  • This quiz has been taken 117 times
  • The average score is 14 of 22
Answer Stats
球団名 制球値 選手名 % Correct
広島 A(81) 大瀬良大地
87%
DeNA A(82) 東克樹
85%
阪神 A(80) 村上頌樹
82%
巨人 A(82) 菅野智之
81%
広島 A(80) 森下暢仁
75%
広島 A(80) 床田寛樹
71%
阪神 A(82) 伊藤将司
69%
DeNA A(80) 山﨑康晃
68%
ヤクルト A(82) 小川泰弘
68%
日本ハム A(86) 加藤貴之
68%
日本ハム A(80) 山﨑福也
68%
オリックス A(81) 宮城大弥
68%
中日 A(80) 大野雄大
66%
阪神 A(82) 西勇輝
65%
楽天 A(82) 岸孝之
57%
中日 A(82) R.マルティネス
54%
阪神 A(81) 大竹耕太郎
51%
楽天 A(80) 早川隆久
50%
楽天 A(80) 田中将大
44%
ソフトバンク A(82) R.オスナ
40%
ヤクルト A(80) 清水昇
25%
西武 A(80) 増田達至
16%
No matching quizzes found
Score Distribution
Percent of People with Each Score
Percentile by Number Answered
Your Score History
You have not taken this quiz